Представление документа в формате RUSMARC

ПолеНазваниеЗначение
  Тип записи a
  Библиографический уровень m
001 Контрольный номер RU/УОНБ/EK_R/383148502
005 Дата корректировки 20250820151928.8
010 Индекс ISBN __
a ISBN 5-211-00030-7
d Цена 1 р. 70 к.
9 Тираж 2040 экз.
100 Данные общей обработки __
a Данные общей обработки 20120221d1988 u y0rusy0189||||ca
101 Язык документа 0_
a Язык текста rus
102 Страна публикации __
a Страна публикации RU
105 Кодированные данные (монография) __
a Кодированные данные (монография) y z 001yy
200 Заглавие и сведения об ответственности 1_
a Заглавие Советская историческая наука в послевоенные годы (1945-1955)
f Первые сведения об ответственности А.С. Барсенков
210 Выходные данные 1_
a Место издания Москва
c Издательство Изд-во МГУ
d Дата издания 1988
215 Физическое описание __
a Объем 139 [2] с.
d Формат 22 см
320 Библиография __
a Библиография Имен. указ.: с. 137-140
606 Тематические рубрики 0_
a Основная рубрика Историческая наука в СССР
x Основная подрубрика История
z Хронологическая подрубрика 1945-1955
606 Тематические рубрики 0_
a Основная рубрика СССР - История
x Основная подрубрика Историография
610 Ключевые слова 0_
a Ключевые слова историческая наука в СССР
610 Ключевые слова 0_
a Ключевые слова историография
686 Индексы других классификаций __
a Классификационный индекс 63.1(2)6
2 Код системы rubbk
700 Автор _1
a Фамилия Барсенков
b Имя (инициалы) А.С.
g Полное личное имя Александр Сергеевич
801 Источник записи _0
a Страна RU
b Организация Ульяновская ОНБ
c Дата составления 20120221
g Правила каталогизации RCR
801 Источник записи _1
a Страна RU
b Организация Ульяновская ОНБ
c Дата составления 20120221
g Правила каталогизации RCR
901 Тип документа __
t Тип документа m
909 Создатель записи __
a Создатель записи Батталова
938 Служебная информация __
a Имя БД retro
b Имя библиотеки УОНБ
c Имя АИБС МАРК-SQL
d Номер DOC_ID в БД 29753